000 01161nam a22002537a 4500
005 20240530110452.0
008 150406s2009 ua g b 000 0 ara d
017 _a2009/10682
_bمصر . دار الكتب المصرية
020 _a9789774793059
040 _aEG-CaGPL
082 0 4 _221
_a320.54\
_bهـ م
100 1 _aهنتنجتون ، صمويل ب.
245 1 0 _aمن نحن :
_bالمناظرة الكبرى حول امريكا /
_cتاليف صمويل ب. هنتنجتون ؛ ترجمة احمد مختار الجمال ؛ مراجعة وتقديم السيد امين شلبى.
250 _aط1.
260 _aالقاهرة :
_bالمركز القومى للترجمة ،
_c2009.
300 _a526 ص ؛
_c24 سم.
490 0 _aالمشروع القومى للترجمة ؛
_v1325
504 _aببليوجرافية : ص 477 - 520 .
651 0 4 _aالولايات المتحدة الامريكية
_xالاحوال السياسية
700 0 _aاحمد مختار الجمال
_eمترجم
700 0 _aالسيد امين شلبى
_eمراجع ومقدم
942 _2ddc
_cBK
999 _c61274
_d61274